000
00325nam a22001457a 4500
008
210312b ||||| |||| 00| 0 eng d
020
_a
9780130417121
041
_a
eng
080
_2
2nd
_a
640.73
082
_a
610.73
100
_a
1
101
_a
INF
245
_a
Student Nurse Handbook
_c
Twiname, B, G
942
_2
udc
_c
BK
999
_c
56512
_d
56512